Allgemeinwissen-Quiz #39 - Statistiken

Allgemein
  • Dieses Quiz wurde 105 mal gespielt
    71 seit der letzten Aktualisierung
  • Das Durchschnittsergebnis liegt bei 12 aus 20
Antwortstatistiken
Frage Antwort % Korrekt
Welches dieser Lebensmittel ist nicht vegan? Honig
95%
Auf welchem Bild ist das Muster eines Jaguars zu sehen?
94%
Wird ein Song mit einem Feat. gekennzeichnet, handelt es sich um was genau? Eine Zusammenarbeit mit einem weiteren Künstler
94%
Was machen die sogenannten Cookies auf einer Webseite? Sie speichern Informationen über den Nutzer und dessen Verhalten
92%
Auf welchem Bild sehen wir das Moulin Rouge?
89%
Auf welchem Bild ist ein Trident abgebildet?
87%
Wie heisst der Zeichentrick-Elefant mit den grossen Ohren? Dumbo
84%
Was ist das Konzept des Brettspiels Cluedo? Man löst einen Mordfall durch Kombinieren
81%
Wie heisst das U-Boot im Roman 20.000 Meilen unter dem Meer von Jules Verne? Nautilus
71%
Wer wurde bei den Laureus World Sports Awards 2025 als "Weltsportler des Jahres" ausgezeichnet? Armand Duplantis und Simone Biles
60%
Auf mich kommt ein sogenannter "Sinker" zu, ich schlage - und verfehle den Ball. In welcher Sportart habe ich mich versucht? Baseball
60%
Der Ort Timbuktu befindet sich in welchem Land? Mali
46%
Welcher dieser Krater gehört nicht zu den zehn grössten bisher benannten Merkurkratern? Vivaldi
41%
Welches Gemälde stammt von J.M.W. Turner?
30%
Was ist das Hauptziel im Computerspiel Schedule I, das Anfang 2025 im Early Access erschienen ist?​ Ein Drogenimperium aufbauen
30%
Was trifft auf die Bezeichnung eines Bukanier zu? Ein Freibeuter in der Karibik
30%
Ich lege im gleichen Land an, in dem der Leanderturm steht. In welchem Land bin ich an Land gegangen? Türkei
21%
Was ist das Kristallsystem von Plutonium in seiner physikalischen Form? monoklin
19%
Im NFL Draft 2025 mischte sich sogar Donald Trump mit einer Meldung auf Truth Social ein. Um welchen Spieler ging es dabei? Shedeur Sanders
17%
Welche Route gilt als der Königsweg aller Skiwanderungen? Haute Route
16%
Keine übereinstimmenden Quizze gefunden
Verteilung der Resultate
Anzahl Personen mit jedem Resultat
Perzentil nach korrekt beantworteten Fragen
Ihre Resultats-Entwicklung
Sie haben dieses Quiz seit der letzten Aktualisierung nicht gespielt